| 000 | 01034nam0a2200289 4500 | ||
|---|---|---|---|
| 001 | RU\NLR\bibl\602504 | ||
| 005 | 20260409072951.0 | ||
| 010 |
_a5-7525-0683-2 _9200 |
||
| 035 | _a(NLR Aleph) 000594438 | ||
| 090 |
_a1733682 _c1733682 |
||
| 100 | _a20050127d1999 k y0rusy50 ca | ||
| 101 | 0 | _arus | |
| 102 | _aRU | ||
| 105 | _aa ||||||||| | ||
| 200 | 1 |
_aМифология добра и зла _fЕ. Иванова _gУр. гос. ун-т им. А.М. Горького |
|
| 210 |
_aЕкатеринбург _cИзд-во Ур. ун-та _d1999 |
||
| 215 |
_a87 с. _cил. _d22 |
||
| 320 | _aБиблиогр.: с. 76-86 | ||
| 606 |
_aДобро и зло (филос.) _3RU\NLR\auth\661249454 _92074455 |
||
| 686 | _aЮ703.12 | ||
| 700 | 1 |
_4070 _8rus _7ca _aИванова _bЕ. В. _cд-р филос. наук _gЕвгения Владимировна _3RU\NLR\auth\7744367 _927308 |
|
| 801 | 0 |
_aRU _bNLR _c20050127 _grcr |
|
| 801 | 1 |
_aRU _bNLR _c20050127 |
|
| 830 | _aавт. по кн. | ||
| 942 | _cBOOK | ||
| 980 | _aNB | ||